| 000 | 00673nam a2200205Ia 4500 | ||
|---|---|---|---|
| 005 | 20251020182538.0 | ||
| 008 | 200515s9999 xx 000 0 und d | ||
| 082 | _a725.96/E24 | ||
| 110 | _aEdiciones daly | ||
| 245 | 0 | _aPuertas | |
| 260 | _aBarcelona | ||
| 260 | _c1991 | ||
| 300 | _a160 | ||
| 500 | _a1 ejemplar | ||
| 520 | _aTodo lo relacionado con la ejecución de puertas de hierro, sean ellas puertas cancela, de interior, de garaje o taller. Tanto el profesional como el aficionado encontrarán en este volumen una amplia información sobre detalles constructivos de las mismas, | ||
| 650 | _aHIERRO | ||
| 650 | _aLIB | ||
| 650 | _aPUERTAS | ||
| 942 | _cLIB | ||
| 999 |
_c2293 _d2293 |
||